<?xml version="1.0" encoding="UTF-8"?>
<record
    xmlns:xsi="http://www.w3.org/2001/XMLSchema-instance"
    xsi:schemaLocation="http://www.loc.gov/MARC21/slim http://www.loc.gov/standards/marcxml/schema/MARC21slim.xsd"
    xmlns="http://www.loc.gov/MARC21/slim">

  <leader>01378nam a22001937a 4500</leader>
  <controlfield tag="003">OSt</controlfield>
  <controlfield tag="005">20190625095952.0</controlfield>
  <controlfield tag="008">180412b        xxu||||| |||| 00| 0 spa d</controlfield>
  <datafield tag="020" ind1=" " ind2=" ">
    <subfield code="a">8471307030</subfield>
  </datafield>
  <datafield tag="040" ind1=" " ind2=" ">
    <subfield code="c">PJ</subfield>
  </datafield>
  <datafield tag="100" ind1=" " ind2=" ">
    <subfield code="9">505</subfield>
    <subfield code="a">Wieth&#xF6;lter, Rudolf</subfield>
  </datafield>
  <datafield tag="245" ind1="1" ind2="3">
    <subfield code="a">Las f&#xF3;rmulas m&#xE1;gicas de la ciencia jur&#xED;dica / </subfield>
    <subfield code="c">Rudolf Wieth&#xF6;lter.</subfield>
  </datafield>
  <datafield tag="260" ind1=" " ind2=" ">
    <subfield code="a">Madrid :</subfield>
    <subfield code="b">Revista de Derecho Privado,</subfield>
    <subfield code="c">1991.</subfield>
  </datafield>
  <datafield tag="300" ind1=" " ind2=" ">
    <subfield code="a">255 p.</subfield>
    <subfield code="c">21 cm.</subfield>
  </datafield>
  <datafield tag="490" ind1=" " ind2=" ">
    <subfield code="a">Monograf&#xED;as</subfield>
  </datafield>
  <datafield tag="505" ind1=" " ind2=" ">
    <subfield code="a">I. Ruptura del encantamiento del mundo del derecho -- II. El malestar hacia el derecho -- III. Los derechos naturales como formulas de redenci&#xF3;n y alibis pol&#xED;tico -- IV. La imagen del hombre en el derecho -- V. De la separaci&#xF3;n de estado y sociedad civil  a la unidad de derecho y pol&#xED;tica -- VI. De la autonom&#xED;a privada a la "autonom&#xED;a administrada" -- VII. Del matrimonio como instituci&#xF3;n al matrimonio como contrato -- VIII. Del derecho  hereditario familiar a la libertad de testar -- IX. De la econom&#xED;a privada de mercado a la "cooperaci&#xF3;n " de pol&#xED;tica y econom&#xED;a -- X. De la "cogesti&#xF3;n" al problema de un "nuevo pacto social" -- XI. La relaci&#xF3;n de trabajo entre creaci&#xF3;n jurisprudencial y autonomia colectiva -- XII. Los conflictos de trabajo de insittuci&#xF3;n del merco a instrumento de participacion politia</subfield>
  </datafield>
  <datafield tag="650" ind1=" " ind2="0">
    <subfield code="9">209</subfield>
    <subfield code="a">DERECHO EN GENERAL</subfield>
  </datafield>
  <datafield tag="942" ind1=" " ind2=" ">
    <subfield code="2">udc</subfield>
    <subfield code="c">LIB</subfield>
    <subfield code="h">340.11</subfield>
    <subfield code="i">WIE</subfield>
  </datafield>
  <datafield tag="999" ind1=" " ind2=" ">
    <subfield code="c">231</subfield>
    <subfield code="d">231</subfield>
  </datafield>
  <datafield tag="952" ind1=" " ind2=" ">
    <subfield code="0">0</subfield>
    <subfield code="1">0</subfield>
    <subfield code="2">udc</subfield>
    <subfield code="4">0</subfield>
    <subfield code="7">0</subfield>
    <subfield code="a">DJS</subfield>
    <subfield code="b">DJS</subfield>
    <subfield code="d">2018-04-12</subfield>
    <subfield code="o">340.11 WIE</subfield>
    <subfield code="p">1760</subfield>
    <subfield code="r">2018-04-12</subfield>
    <subfield code="w">2018-04-12</subfield>
    <subfield code="y">LIB</subfield>
  </datafield>
</record>
